Statystyki dla kraje produkujące najwięcej karabinów maszynowych

Kliknij tutaj aby rozwiązać quiz!

Ogólne statystyki

  • Ten quiz został rozwiązany 98 razy
  • Średni wynik to 11 z 15

Statystyki odpowiedzi

na miesiąckraj% Poprawnych
21KRosja
99%
41KChiny
96%
78KUSA
96%
11KFrancja
87%
25KIndie
84%
8KBrazylia
81%
15KWielka Brytania
80%
10KKanada
79%
34KIran
78%
8KTurcja
68%
10KPakistan
66%
12KIndonezja
56%
9KIzrael
54%
31KArabia Saudyjska
45%
27KTajlandia
31%

Rozkład punktacji

Percentyl według liczby udzielonych odpowiedzi

Procent ludzi z każdym wynikiem

Twoja historia wyników

Nie rozwiązałeś tego quizu